000 00311 a2200133 4500
000 nam a22 7a 4500
100 _aShakir, M
110 _aShakir, M
245 _aChina international organizations membership
250 _aLatest edition
260 _bDPIT
_c2023
264 _bDPIT
_c2023
942 _cBK
999 _c313115
_d313115